Spanische Plastik aus sieben Jahrhunderten (Record no. 6630)

MARC details
000 -CABECERA
campo de control de longitud fija 01012nam a2200289 a 4500
001 - NÚMERO DE CONTROL
campo de control BRCA_6948
005 - FECHA Y HORA DE LA ÚLTIMA TRANSACCIÓN
campo de control 20190320205644.0
008 - DATOS DE LONGITUD FIJA--INFORMACIÓN GENERAL
campo de control de longitud fija 171111s1925----gw-ab#####---#000-0#ger-#
041 ## - CÓDIGO DE LENGUA
Código de lengua del texto/banda sonora o título independiente ger
044 ## - CÓDIGO DEL PAÍS DE LA ENTIDAD EDITORA/PRODUCTORA
Código MARC del país gw
050 #4 - SIGNATURA TOPOGRÁFICA DE LA BIBLIOTECA DEL CONGRESO
Número de clasificación NB801
Número de documento/Ítem .W44 1925
100 1# - ENTRADA PRINCIPAL--NOMBRE DE PERSONA
Nombre de persona Weise, Georg
9 (RLIN) 14278
245 10 - MENCIÓN DE TÍTULO
Título Spanische Plastik aus sieben Jahrhunderten
Mención de responsabilidad, etc. von Georg Weise ; unter Mitwirkung von Hannshubert Mahn und Bertrhold Conrades
260 ## - PUBLICACIÓN, DISTRIBUCIÓN, ETC.
Lugar de publicación, distribución, etc. Reutlingen, Alemania
Nombre del editor, distribuidor, etc. Gryphius
Fecha de publicación, distribución, etc. 1927
300 ## - DESCRIPCIÓN FÍSICA
Extensión 2 v.
Otras características físicas il., mapas
Dimensiones 27 cm.
440 #0 - MENCIÓN DE SERIE/PUNTO DE ACCESO ADICIONAL--TÍTULO
Título Tübinger Forschungen zur Archäologie und Kunstgeschichte
Designación de volumen o secuencia 6
9 (RLIN) 17313
500 ## - NOTA GENERAL
Nota general La biblioteca sólo cuenta con el v.2 en dos tomos
500 ## - NOTA GENERAL
Nota general O180
505 0# - NOTA DE CONTENIDO CON FORMATO
Nota de contenido con formato v.2 (t.1): Texto.-- v.2 (t.2): Ilustraciones.
650 14 - PUNTO DE ACCESO ADICIONAL DE MATERIA--TÉRMINO DE MATERIA
Término de materia o nombre geográfico como elemento de entrada Escultura
Subdivisión geográfica España
9 (RLIN) 9315
650 14 - PUNTO DE ACCESO ADICIONAL DE MATERIA--TÉRMINO DE MATERIA
Término de materia o nombre geográfico como elemento de entrada Arte y simbolismos cristianos
9 (RLIN) 17314
650 14 - PUNTO DE ACCESO ADICIONAL DE MATERIA--TÉRMINO DE MATERIA
Término de materia o nombre geográfico como elemento de entrada Escultura
Subdivisión general Historia
9 (RLIN) 3347
700 1# - PUNTO DE ACCESO ADICIONAL--NOMBRE DE PERSONA
Nombre de persona Mahn, Hannshubert
Término indicativo de función/relación coaut.
9 (RLIN) 17315
700 1# - PUNTO DE ACCESO ADICIONAL--NOMBRE DE PERSONA
Nombre de persona Conrades, Bertrhold
Término indicativo de función/relación coaut.
9 (RLIN) 17316
902 ## - CATALOGADOR
Iniciales GFM
942 ## - ELEMENTOS DE PUNTO DE ACCESO ADICIONAL (KOHA)
Fuente del sistema de clasificación o colocación Library of Congress Classification
Tipo de ítem Koha Libros
Holdings
Estado de retiro Estado de pérdida Estado dañado No para préstamo Localización permanente Ubicación/localización actual Fecha de adquisición Número de inventario Total de préstamos Signatura topográfica completa Código de barras Fecha visto por última vez Precio válido a partir de Tipo de ítem Koha
El ejemplar forma parte de la colección y puede ser consultado según las políticas vigentes.       Biblioteca del Museo Franz Mayer (Rogerio Casas-Alatriste) Biblioteca del Museo Franz Mayer (Rogerio Casas-Alatriste) 17/11/2011 O180   NB801 .W44 1925 (O180) 7395 22/03/2019 22/03/2019 Libros